Responses for Show #3700 - Friday, October 6, 2000

2000 Back to School Week game 5.

Contestants

[<< previous game]

Andrew Bryson, a 12-year-old from Durham, North Carolina

Emily Moin, a 12-year-old from Rockville Centre, New York

Michael Bergen, a 12-year-old from Clarksville, Tennessee

[next game >>]

Jeopardy! Round responses

MATH
MUSICAL INSTRUMENTS
YOU'RE HISTORY!
SPEAKING OF LANGUAGE
A COUNTRY IN EUROPE
(Alex: And finally, I hope you've watched the...)
CARTOON NETWORK
    $100 9
9

Emily
    $100 4
bongo drums

Michael
    $100 19
the Mayflower

Michael
    $100 2
2,700

Andrew
    $100 1
France

Andrew
    $100 24
Jellystone Park

Michael
    $200 11
26

Michael
    $200 5
ukulele

Andrew
    $200 20
"Buffalo Bill" Cody

Andrew
    $200 3
Hebrew (or Arabic)

Emily
    $200 12
Greece

Emily
    $200 27
Bamm-Bamm

Andrew
    $300 13
125

Michael
    $300 10
the bagpipes

Andrew
    $300 21
California

Michael
    $300 6
Pig Latin

Andrew
    $300 14
Italy

Andrew
    $300 28
Scooby-Doo

Michael
    $400 15
(Michael: What are 1, 2, and 4?)
...
(Alex: Hold on... we'll show the folks at home some commercials so we can earn the money for you guys!)

1, 2, 4 & 8

MichaelAndrew
    $400 25
(Michael: What is a bass?)

harp

MichaelEmily
    $400 22
World War II

Andrew
    $400 7
English

Andrew
    $400 17
Ireland

Andrew
    $400 29
Dexter

Andrew
    $500 16
7/12

Andrew
    $500 26
viola

Andrew
    $500 23
Ponce de Leon

Andrew
    $900 8
Brazil

Andrew
    $500 18
Spain

Andrew
    $500 30
the Banana Splits

Triple Stumper

Scores at the first commercial break (after clue 15):

Michael Emily Andrew
$200 $500 $3,000

Scores at the end of the Jeopardy! Round:

Michael Emily Andrew
$600 $900 $6,600

Double Jeopardy! Round responses

U.S. GEOGRAPHY
THE CIRCUS
A LITTLE LIGHT READING
PERSON, PLACE OR THING
GARDENING
THAT'S AMAZING!
    $200 23
Boise

Michael
    $200 3
(Andrew: What is the Ferris wheel?)

the (big) tent

EmilyAndrew
    $200 4
Time

Emily
    $200 13
Chuck

Andrew
    $200 18
grapes

Andrew
    $200 2
the space shuttles

Michael
    $400 24
the Rio Grande

Andrew
    $400 25
the trapeze

Michael
    $400 5
perform open-heart surgery

Michael
    $400 14
China

Emily
    $400 19
weeds

Emily
    $400 6
Antarctica

Andrew
    $1,000 26
(Alex: Less than a minute to go.)

Lake Superior

Michael
    $600 28
(Alex: You guys are too young to have visited it, obviously.)

Las Vegas

Triple Stumper
    $600 10
Nancy Drew

Emily
    $600 15
block

Emily
    $600 20
bulbs

Michael
    $600 7
ostrich

Andrew
    $800 27
Mount McKinley

Michael
    $800 29
Wisconsin

Andrew
    $800 11
"The Phantom Tollbooth"

Emily
    $2,600 16
(Emily: What is a Dodge?)

Ford

Emily
    $800 21
daisy

Triple Stumper
    $800 8
Finland

Michael
    $1000 1
(Michael: What is Death Valley?)

the Mojave Desert

Michael
Triple Stumper
    $1000 30
P.T. Barnum

Michael
    $1000 12
Thomas

Andrew
    $1000 17
copper

Andrew
    $1000 22
terrarium

Michael
    $1000 9
spider

Emily

Scores at the end of the Double Jeopardy! Round:

Michael Emily Andrew
$6,000 $2,500 $11,000

[wagering suggestions for these scores]

Final Jeopardy! Round responses

FAMOUS LANDMARKS
(Alex: Come over here, Andrew! I have some good news & some bad news; the good news is, that because you're the high scorer for the week, we give you a $5,000 bonus; that means you're taking away $21,000; the bad news is, your parents are going to have to pay taxes on it! Great game, great week, regular games on Monday, see you then!)
EmilyWhat is the Statue of Liberty?
$2,500
MichaelWhat is The Statue of Liberty
$6,000
AndrewWhat is the Statue of Liberty?
$5,000
the Statue of Liberty

Final scores:

Michael Emily Andrew
$12,000 $5,000 $16,000
2nd place: MyPoints.com gift certificate & trip for 4 to Universal Studios, Orlando 3rd place: MyPoints.com gift certificate & trip for 4 to Universal Studios, Orlando Winner: $5,000 minimum + trip for 4 to Universal Studios, Orlando + $5,000 bonus if week's high scorer

Game dynamics:

Coryat scores:

Michael Emily Andrew
$5,600 $5,100 $10,600
17 R
(including 1 DD),
3 W
12 R,
1 W
(including 1 DD)
26 R
(including 1 DD),
1 W

Combined Coryat: $21,300

[game clues] [game scores] [suggest correction]

Game tape date: 2000-08-08
The J! Archive is created by fans, for fans. Scraping, republication, monetization, and malicious use prohibited; this site may use cookies and collect identifying information. See terms. The Jeopardy! game show and all elements thereof, including but not limited to copyright and trademark thereto, are the property of Jeopardy Productions, Inc. and are protected under law. This website is not affiliated with, sponsored by, or operated by Jeopardy Productions, Inc. Join the discussion at JBoard.tv.